000 00612nam a2200217Ia 4500
005 20241129120233.0
008 241129s9999||||xx |||||||||||||| ||und||
020 _a9780231140355
037 _aTB
040 _aSDCL
_beng
_cSDCL
041 _aeng
_2eng
084 _aV:(G:55).73'P, P7
_qSDCL
100 _aCarolyn Merchant
_9729495
245 0 _aAmerican environmental history: An introduction
260 _aNew York
_bColumbia University Press
_c2007
300 _axxii,480p.
365 _aUSD
_b38
650 _aReference
942 _cTB
_hV:(G:55).73'P, P7
999 _c1233949
_d1233949